Mot mystérieux - Série 16 - Statistiques

Statistiques générales
  • Ce quiz a été pris 234 fois
  • Le résultat moyen est 9 sur 10
Statistiques - réponses
Indices Mot % Correct
Source - Vie - Javel - Toilette - Rose Eau
98%
Velours - Mitaine - Boxe - Toilette - Fer Gant
98%
Chevet - Huile - Petrole - Torche - Halogène Lampe
97%
Lance - Rouge - Souder - Repasser - Cheval Fer
96%
Verre - Toilette - Buvard - Kraft - Peint Papier
96%
Linge - Sauter - Vocale - Guitare - Cou Corde
94%
Rouge - Avril - Arête - Chat - Clown Poisson
93%
Garde - Berger - Loup - Fusil - Traineau Chien
92%
Cygne - Chemise - Montagne - Utérus - Femur Col
86%
Douce - Note - Classique - Papier - Chambre Musique
85%
Aucun quiz correspondant
Distribution des résultats
% des personnes avec chaque résultat
Percentile par nombre de réponses
Votre historique - résultats
Vous n’avez pas pris ce quiz